000 00629nam a22002057a 4500
003 OSt
005 20140310181942.0
008 121123t xxu||||| |||| 00| 0 eng d
050 _aPR 4611
_b.C319 1946
082 _aCLA
_bC23a 1971
100 _aCarroll, Lewis
_93653
245 _aAlice's adventures in wonderland & through the looking-glass
_cby Lewis Carroll with ninety-two illustrations by John Tenniel
260 _aEngland :
_bPenguin Books,
_cc1971.
300 _a345 p.
_bill. ;
_c18 cm.
541 _j1
562 _e1
600 _aTenniel, John
_93654
650 _aFantasy.
_93293
942 _2lcc
_cBBK
_kCLA
999 _c7688
_d7688